[Event "Zagreb op"]
[Site "Zagreb"]
[Date "2015.04.17"]
[Round "1"]
[White "Maleskic, Bernard"]
[Black "Sale, Srdjan"]
[Result "0-1"]
[WhiteElo "1925"]
[BlackElo "2391"]
[PlyCount "128"]
[EventDate "2015.04.17"]
[EventType "swiss"]
[EventRounds "9"]
[EventCountry "CRO"]
[SourceTitle "CBM 166 Extra"]
[Source "ChessBase"]
[SourceDate "2015.06.18"]
[SourceVersion "1"]
[SourceVersionDate "2015.06.18"]
[SourceQuality "1"]

1. d4 g6 2. Nf3 Bg7 3. c4 c5 4. d5 d6 5. Nc3 Nf6 6. e4 0-0 7. h3 e6 8. Bd3 exd5 9. cxd5 Re8 10. 0-0 c4 11. Bc2 Na6 12. Re1 Bd7 13. a4 Rc8 14. e5 dxe5 15. Nxe5 Nb4 16. Bf4 Rc5 17. Be4 Nxe4 18. Rxe4 Bf5 19. Rxc4 Rxc4 20. Nxc4 Nd3 21. Be3 Nxb2 22. Nxb2 Bxc3 23. Qb3 Qf6 24. Bg5 Qe5 25. Bf4 Qf6 26. Bg5 Qe5 27. Bf4 Qd4 28. Rd1 Qxf4 29. Qxc3 Re2 30. Rf1 Rc2 31. Qb3 b6 32. Qb5 Qd4 33. Nd1 Bd3 34. Qe8+ Kg7 35. Ne3 Ra2 36. Rd1 Ra1 37. Rxa1 Qxa1+ 38. Kh2 Qf6 39. Ng4 Qd6+ 40. Qe5+ Qxe5+ 41. Nxe5 Bc2 42. Nc6 Bxa4 43. Nxa7 Bd7 44. Kg3 Kf6 45. Kf4 Ke7 46. Ke5 f6+ 47. Kd4 Kd6 48. Kc4 f5 49. h4 h6 50. Kd4 b5 51. g3 b4 52. Kc4 b3 53. Kxb3 Kxd5 54. Kc3 Ke4 55. Kd2 Kf3 56. Ke1 h5 57. Kf1 f4 58. gxf4 Kxf4 59. Kg2 Kg4 60. Kh2 Kxh4 61. Kg2 Kg4 62. Kg1 Kf3 63. Kf1 Ke4 64. Kg2 Kd5 0-1

[Event "Velika Gorica op 9th"]
[Site "Velika Gorica"]
[Date "2010.08.29"]
[Round "7"]
[White "Maleskic, Bernard"]
[Black "Takac, Zvonko"]
[Result "0-1"]
[WhiteElo "1896"]
[BlackElo "2099"]
[PlyCount "154"]
[EventDate "2010.08.23"]
[EventType "swiss"]
[EventRounds "9"]
[EventCountry "CRO"]
[SourceTitle "CBM 138 Extra"]
[Source "ChessBase"]
[SourceDate "2010.10.29"]
[SourceVersion "1"]
[SourceVersionDate "2010.10.29"]
[SourceQuality "1"]

1. d4 d5 2. Nf3 Nf6 3. c4 c6 4. Nc3 dxc4 5. a4 Bf5 6. e3 e6 7. Bxc4 Bb4 8. 0-0 Nbd7 9. Qe2 0-0 10. Rd1 Qe7 11. h3 e5 12. Nh4 Be6 13. Bxe6 Qxe6 14. Nf3 e4 15. Nd2 Nb6 16. a5 Nbd5 17. Nxd5 Nxd5 18. Nc4 f5 19. Bd2 Be7 20. Rf1 Rae8 21. Rae1 Bd8 22. f3 exf3 23. Qxf3 Bc7 24. b3 g6 25. Rf2 Nf6 26. Bb4 Rf7 27. Rfe2 Ne4 28. Ba3 Ng5 29. Qf2 Qd5 30. Bb4 Ne4 31. Qf3 Qb5 32. Ba3 Qxb3 33. Rc1 Nc3 34. Rec2 Qxc4 35. Rxc3 Qa4 36. Bc5 Bxa5 37. Ra3 Qb5 38. Qd1 b6 39. Rb3 Qa6 40. Bd6 Qb7 41. Be5 c5 42. Rxc5 bxc5 43. Rxb7 Rxb7 44. Qa4 Rxe5 45. dxe5 Bb6 46. Qe8+ Kg7 47. e6 Kf6 48. Qg8 Re7 49. Qh8+ Kxe6 50. Qg8+ Kd6 51. Qb8+ Kc6 52. Kf2 c4 53. Qc8+ Kb5 54. Qg8 Rxe3 55. Kf1 Re7 56. Qd5+ Kb4 57. Qd6+ Bc5 58. Qb8+ Ka4 59. Qb2 Bb4 60. Qc2+ Kb5 61. Kf2 a5 62. g4 fxg4 63. hxg4 a4 64. Kf3 a3 65. Kf4 Rd7 66. Qe2 Bd2+ 67. Kf3 Rd3+ 68. Kg2 Be3 69. Qf3 a2 70. Qb7+ Ka4 71. Qa6+ Kb4 72. Qb7+ Kc3 73. Qa6 Bc5 74. Qa5+ Bb4 75. Qe5+ Kb3 76. Kf2 Rd2+ 77. Ke3 Rd1 0-1

[Event "CRO-ch U17"]
[Site "Bjelolasica"]
[Date "2009.08.01"]
[Round "9"]
[White "Maleskic, Bernard"]
[Black "Klemencic, Damjan"]
[Result "1-0"]
[WhiteElo "1758"]
[BlackElo "1896"]
[PlyCount "47"]
[EventDate "2009.07.26"]
[EventType "swiss"]
[EventRounds "9"]
[EventCountry "CRO"]
[SourceTitle "CBM 131 Extra"]
[Source "ChessBase"]
[SourceDate "2009.09.03"]
[SourceVersion "2"]
[SourceVersionDate "2009.09.16"]
[SourceQuality "1"]

1. e4 e6 2. d4 b6 3. c4 Bb7 4. Nc3 Bb4 5. Bd3 f5 6. Qh5+ g6 7. Qe2 Nf6 8. f3 fxe4 9. fxe4 Bxc3+ 10. bxc3 Nxe4 11. Nf3 Nf6 12. 0-0 Qe7 13. Bg5 0-0 14. Ne5 d6 15. Ng4 Nbd7 16. Rf2 h5 17. Nxf6+ Nxf6 18. Bxg6 Kg7 19. Bxh5 Kh8 20. Raf1 Qg7 21. Bxf6 Rxf6 22. Rxf6 e5 23. Rg6 Qh7 24. Rff6 1-0

[Event "CRO-ch U17"]
[Site "Bjelolasica"]
[Date "2009.07.31"]
[Round "8"]
[White "Zagorac, Mario"]
[Black "Maleskic, Bernard"]
[Result "1/2-1/2"]
[WhiteElo "1852"]
[BlackElo "1758"]
[PlyCount "49"]
[EventDate "2009.07.26"]
[EventType "swiss"]
[EventRounds "9"]
[EventCountry "CRO"]
[SourceTitle "CBM 131 Extra"]
[Source "ChessBase"]
[SourceDate "2009.09.03"]
[SourceVersion "2"]
[SourceVersionDate "2009.09.16"]
[SourceQuality "1"]

1. d4 Nf6 2. c4 c5 3. Nf3 cxd4 4. Nxd4 g6 5. Nc3 Bg7 6. e4 d6 7. Be3 Nc6 8. Be2 0-0 9. 0-0 Bd7 10. f3 a6 11. Qd2 Rc8 12. Nxc6 Bxc6 13. Rac1 Qd7 14. Rfd1 Rfd8 15. Nd5 Bxd5 16. cxd5 Rxc1 17. Rxc1 Rc8 18. b3 Ne8 19. Rc2 Rc7 20. Bb6 Rc8 21. Qc1 Bh6 22. Qd1 Ng7 23. Qd3 f5 24. Rxc8+ Qxc8 25. Qc4 1/2-1/2

[Event "CRO-ch U17"]
[Site "Bjelolasica"]
[Date "2009.07.29"]
[Round "6"]
[White "Matic, Antonio"]
[Black "Maleskic, Bernard"]
[Result "0-1"]
[WhiteElo "1591"]
[BlackElo "1758"]
[PlyCount "46"]
[EventDate "2009.07.26"]
[EventType "swiss"]
[EventRounds "9"]
[EventCountry "CRO"]
[SourceTitle "CBM 131 Extra"]
[Source "ChessBase"]
[SourceDate "2009.09.03"]
[SourceVersion "2"]
[SourceVersionDate "2009.09.16"]
[SourceQuality "1"]

1. e4 e5 2. Nf3 Nc6 3. Bb5 a6 4. Ba4 b5 5. Bb3 Nf6 6. 0-0 d6 7. Re1 Be7 8. c3 Bg4 9. d4 Bxf3 10. gxf3 Qd7 11. a4 0-0 12. Kh1 g6 13. Rg1 Rfb8 14. axb5 axb5 15. Rxa8 Rxa8 16. f4 exd4 17. cxd4 Nxe4 18. Qf3 Qf5 19. Be3 d5 20. Na3 Bxa3 21. bxa3 Rxa3 22. Rc1 Rxb3 23. Rxc6 Nd2 0-1